| 000 | 01200 a2200217 4500 | ||
|---|---|---|---|
| 005 | 20080922122648.0 | ||
| 008 | 080922t xxu||||| |||| 00| 0 hin d | ||
| 010 | _aHIN-81305 | ||
| 020 | _c15.00 | ||
| 035 | _aHN-53651 | ||
| 037 | _bD.B.Act / pub | ||
| 082 | _a820.92 | ||
| 100 | _aमिश्र, सत्यदेव | ||
| 245 |
_aरामचन्द्र शुक्ल _cसत्यदेव मिश्र |
||
| 246 |
_aRamchand Shukal _bby Shtydev Mishra |
||
| 260 |
_aलखनऊ _bउत्तर प्रदेश हिन्दी संस्थान _c2003 |
||
| 270 |
_aस्मृति सरंक्षण योजना, राजर्षि पुरूषोत्तमदास टण्डन हिन्दी भवन, 6, महात्मा गांधी मार्ग _bलखनऊ _e226001 |
||
| 300 |
_a121पृ _c22 सेमी (अजिल्द) |
||
| 942 |
_adpl _cHN _k820.92 / मिश्रस _2ddc _h820.92 _mमिश्रस |
||
| 999 |
_c8154 _d8154 |
||